| 000 | 00358nam a22001337a 4500 | ||
|---|---|---|---|
| 082 |
_a297.14 _bISL _cL-31-II, P-19 |
||
| 100 |
_aIslahi, Mulana Muhammad Yousaf _947965 |
||
| 245 | _aآسان فقہ | ||
| 260 |
_aLahore: _bIslamic Publication Ltd; _c1984. |
||
| 300 | _a490p. | ||
| 500 | _aMCE | ||
| 526 |
_a0 _b0 _c0 _d297_140000000000000_YOU |
||
| 942 |
_2ddc _cBK |
||
| 999 |
_c551031 _d551031 |
||